Shikshan vichar (Record no. 418763)

MARC details
000 -LEADER
fixed length control field 00312nam a2200157Ia 4500
008 - FIXED-LENGTH DATA ELEMENTS--GENERAL INFORMATION
fixed length control field 230605s2007 xx 000 0 und d
041 ## - LANGUAGE CODE
Language code of text/sound track or separate title eng
100 ## - MAIN ENTRY--PERSONAL NAME
Personal name Disoza
245 ## - TITLE STATEMENT
Title Shikshan vichar
260 ## - PUBLICATION, DISTRIBUTION, ETC.
Date of publication, distribution, etc. 2007
300 ## - PHYSICAL DESCRIPTION
Extent 466
365 ## - TRADE PRICE
Price amount 350
500 ## - GENERAL NOTE
General note 1882
520 ## - SUMMARY, ETC.
Summary, etc. Misc
650 ## - SUBJECT ADDED ENTRY--TOPICAL TERM
Topical term or geographic name entry element G.SKILL

No items available.